| 000 | 00769nam a2200253Ia 4500 | ||
|---|---|---|---|
| 003 | GCL | ||
| 008 | 140319s9999 xx 000 0 ara d | ||
| 020 | _a0575345977 | ||
| 040 |
_aGCL / _cGCL |
||
| 082 | 0 | 4 |
_aط _b372.52 _bت س |
| 100 | 1 | _aتامر محمد | |
| 245 | 1 | 0 |
_aالسحابة المغرورة / _cتامر محمد |
| 700 | 1 | _aطارق فرج | |
| 700 | 1 | _aريمون قديس | |
| 250 | _aالاولى | ||
| 260 |
_aالقاهرة : _bدار الفاروق للنشر والتوزيع ، _c2004 |
||
| 300 |
_a14 ص ؛ _c15سم |
||
| 490 |
_aاقرأ ولون _v0 |
||
| 650 | 0 | 4 | _aتعليم الاطفال |
| 650 | 0 | 4 | _aاساسيات التعليم |
| 650 | 0 | 4 | _aالتلوين |
| 650 | 0 | 4 | _aالرسم - بالالوان |
| 942 |
_2ddc _cBK |
||
| 999 |
_c38257 _d38257 |
||